<?xml version="1.0" encoding="UTF-8"?>
<record
    xmlns:xsi="http://www.w3.org/2001/XMLSchema-instance"
    xsi:schemaLocation="http://www.loc.gov/MARC21/slim http://www.loc.gov/standards/marcxml/schema/MARC21slim.xsd"
    xmlns="http://www.loc.gov/MARC21/slim">

  <leader>03137nam a22002657a 4500</leader>
  <controlfield tag="005">20250923065238.0</controlfield>
  <datafield tag="020" ind1=" " ind2=" ">
    <subfield code="a">9788178291048</subfield>
    <subfield code="c">TZS 66,622/=</subfield>
  </datafield>
  <datafield tag="040" ind1=" " ind2=" ">
    <subfield code="a">MUL</subfield>
    <subfield code="b">eng.</subfield>
    <subfield code="e">AACR2</subfield>
  </datafield>
  <datafield tag="082" ind1=" " ind2=" ">
    <subfield code="a">REF 658.8 HAN</subfield>
  </datafield>
  <datafield tag="245" ind1=" " ind2=" ">
    <subfield code="a">Handbook of relationship marketing /</subfield>
  </datafield>
  <datafield tag="250" ind1=" " ind2=" ">
    <subfield code="b">The South Asia edition originally reprinted in 2002.</subfield>
  </datafield>
  <datafield tag="260" ind1=" " ind2=" ">
    <subfield code="a">New Delhi:</subfield>
    <subfield code="b">Sonia Kumar for Sage publications India,</subfield>
    <subfield code="c">c2000.</subfield>
  </datafield>
  <datafield tag="300" ind1=" " ind2=" ">
    <subfield code="a">xvi, 660p. :</subfield>
    <subfield code="b">ill. ;</subfield>
    <subfield code="c">23 cm.</subfield>
  </datafield>
  <datafield tag="500" ind1=" " ind2=" ">
    <subfield code="a">Includes references at the end of each chapter</subfield>
  </datafield>
  <datafield tag="504" ind1=" " ind2=" ">
    <subfield code="a">Includes index (p.621-660).</subfield>
  </datafield>
  <datafield tag="505" ind1=" " ind2=" ">
    <subfield code="a">Preface I. DOMAIN, EVOLUTION, AND GROWTH OF RELATIONSHIP MARKETING: ALTERNATIVE PERSPECTIVES The Domain and Conceptual Foundations of Relationship Marketing - Atul Parvatiyar and Jagdish N Sheth Relationship Marketing: The UK Perspective - Adrian Payne The IMP Perspective: Assets and Liabilities of Business Relationships - Hakan Hakansson and Ivan J Snehota Relationship Marketing: The Nordic School Perspective - Christian Gronroos The Evolution of Relationship Marketing - Jagdish N Sheth and Atul Parvatiyar II. CONCEPTUAL AND THEORETICAL FOUNDATIONS OF RELATIONSHIP MARKETING Relationship Marketing of Services: Growing Interest, Emerging Perspectives - Leonard L Berry Relationship Marketing in Consumer Markets: Antecedents and Consequences - Jagdish N Sheth and Atul Parvatiyar Relationship Marketing and Distribution Channels - Barton A Weitz and Sandy D Jap An Integrated Model of Buyer-Seller Relationships - David T Wilson Strategic Alliances: A Synthesis of Conceptual Foundations - P Rajan Varadarajan and Margaret H Cunningham Toward a Theory of Business Alliance Formation - Jagdish N Sheth and Atul Parvatiyar III. PARTNERING FOR RELATIONSHIP MARKETING Relationship Marketing in Mass Markets - C B Bhattacharya and Ruth N Bolton Membership Customers and Relationship Marketing - Thomas W Gruen Affinity Partnering: Conceptualization and Issues - Vanitha Swaminathan and Srinivas K Reddy Relationship Marketing and Key Account Management - Joseph P Cannon and Narakesari Narayandas Horizontal Alliances for Relationship Marketing - David W Cravens and Karen S Cravens Supplier Partnering - John T Mentzer IV. ENABLERS OF RELATIONSHIP MARKETING Relationship Marketing and Marketing Strategy: The Evolution of Relationship Marketing Strategy Within the Organization - Robert M Morgan Organizing for Relationship Marketing - Ian Gordon Information Technology: Its Role in Building, Maintaining, and Enhancing Relationships - Rajendra S Sisodia and David B Wolfe Customer Profitability: Analysis and Design Issues - Kaj Storbacka V. TEACHING AND RESEARCH IMPLICATIONS OF RELATIONSHIP MARKETING Developing a Curriculum to Enhance Teaching of Relationship Marketing - Joseph P Cannon and Jagdish N Sheth Relationship Marketing: Paradigm Shift or Shaft? - Jagdish N Sheth Index.</subfield>
  </datafield>
  <datafield tag="546" ind1=" " ind2=" ">
    <subfield code="a">eng.</subfield>
  </datafield>
  <datafield tag="650" ind1=" " ind2=" ">
    <subfield code="a">Assets liabilities </subfield>
  </datafield>
  <datafield tag="650" ind1=" " ind2=" ">
    <subfield code="a">Relationship marketing-evolution </subfield>
  </datafield>
  <datafield tag="650" ind1=" " ind2=" ">
    <subfield code="a">Distribution channels </subfield>
  </datafield>
  <datafield tag="650" ind1=" " ind2=" ">
    <subfield code="a">Customer profitability </subfield>
  </datafield>
  <datafield tag="700" ind1=" " ind2=" ">
    <subfield code="a">Sheth, Jagdish N. (editor)</subfield>
  </datafield>
  <datafield tag="700" ind1=" " ind2=" ">
    <subfield code="a">Parvatiyar, Atul (editor)</subfield>
  </datafield>
  <datafield tag="942" ind1=" " ind2=" ">
    <subfield code="c">BK</subfield>
  </datafield>
  <datafield tag="999" ind1=" " ind2=" ">
    <subfield code="c">11110</subfield>
    <subfield code="d">11110</subfield>
  </datafield>
  <datafield tag="952" ind1=" " ind2=" ">
    <subfield code="0">0</subfield>
    <subfield code="1">0</subfield>
    <subfield code="4">0</subfield>
    <subfield code="7">0</subfield>
    <subfield code="a">MU0001</subfield>
    <subfield code="b">MU0001</subfield>
    <subfield code="d">2025-09-11</subfield>
    <subfield code="e">Mark Solution (Mzumbe University)</subfield>
    <subfield code="l">0</subfield>
    <subfield code="o">REF 658.8 HAN</subfield>
    <subfield code="p">0087761</subfield>
    <subfield code="r">2025-09-23 06:54:05</subfield>
    <subfield code="t">1</subfield>
    <subfield code="w">2025-09-23</subfield>
    <subfield code="y">BK</subfield>
  </datafield>
</record>
